Wykonawcy mający feat z Chivasem - Statystyki

Ogólne statystyki
  • Ten quiz został rozwiązany 438 razy
    33 od ostatniego zresetowania
  • Średni wynik to 10 z 28
Statystyki odpowiedzi
Odpowiedź % Poprawnych
Szpaku
96%
White2115
96%
Bedoes 2115
89%
Young Leosia
86%
Blacha
82%
Kuqe 2115
71%
Vito Bambino
68%
Oliwka Brazil
64%
Fukaj
61%
Białas
50%
27.FUCKDEMONS
36%
Livka
36%
Kizo
32%
Pezet
32%
Quebonafide
29%
Gverilla
21%
Beteo
14%
po prostu Kajtek
14%
Janusz Walczuk
11%
Mr Polska
11%
Kara
7%
Berson
0%
Cukier
0%
Feno
0%
Floral Bugs
0%
Hodak
0%
RIP Scotty
0%
Szymi Szyms
0%
Nie znaleziono quizów pasujących do podanych kryteriów
Rozkład punktacji
Procent ludzi z każdym wynikiem
Percentyl według liczby udzielonych odpowiedzi
Twoja historia wyników
Nie rozwiązałeś tego quizu od ostatniego zresetowania